01075nam a2200193 a 450000100060000000300090000600800410001502000150005604000280007108200210009910000190012024501020013926000480024130000110028950504060030065000470070665000620075365000660081517418CO-ViMGA141112s2004 ck r 000 u spa d a9588173159 aCO-ViMGAbspacCO-ViMGA04a920.086141 S458i1 aSilva, Renán10aLos ilustrados de Nueva Granada , 1760 - 1808 . Genealogía de una comunidad de interpretación aBogotá, cBanco de la República, c2002 a676.p. aEducación ilustrada y universidad La crisis de la juventud escolar El autodidactismo al margen de la universidad Comercio y circulación del libro en la sociedad colonial Bibliotecas . Lecturas y lectores La escritura, la obra y el público Una nueva representación de la riqueza Una nueva representación del trabajo y el saber Modelo cultural de los ilustrados Cultura , política y sociedad14aBogotá (COLOMBIA) - HISTORIA 1760 - 180814aINTELECTUALES - HISTORIA - BOGOTÁ (COLOMBIA)1760 - 180814aVIDA INTELECTUAL - Bogotá (COLOMBIA) - HISTORIA 1760 - 1808